Normal view
MARC view
- تعليم الأطفال-مناهج. الأطفال-نمو
Entry Topical Term
001 - CONTROL NUMBER
- control field: 22373
003 - CONTROL NUMBER IDENTIFIER
- control field: JO-AjAnu
005 - DATE AND TIME OF LATEST TRANSACTION
- control field: 20230606073849.0
008 - FIXED-LENGTH DATA ELEMENTS
- fixed length control field: 230606|| aca||aabn | a|a d
040 ## - CATALOGING SOURCE
- Original cataloging agency: JO-AjAnu
- Transcribing agency: JO-AjAnu
150 ## - HEADING--TOPICAL TERM
- Topical term or geographic name entry element: تعليم الأطفال-مناهج. الأطفال-نمو
670 ## - SOURCE DATA FOUND
- Source citation: Work cat.: (JO-AjAnu)11498: عيسى،إيفال , author 22372, منهج التعليم في الطفولة المبكرة ومكوناته